00860nam a2200241 a 450000100060000000300080000600500170001400800410003102000270007203500190009904000210011804100080013908200280014710000400017524500760021526000380029130000260032950400660035565000460042194200120046799900170047995201220049652137BD-RjUL20211209075747.0160906s2001 bg b 001 0 eng  a9843114175c : $. 5.00 a(BD-RjUL)52257 aBD-RjUcDLCbeng aeng 223a330.95492bAKS 20011 aAkbar, Mohammad Ali,d1930-915594510aStabilization and the jute economy of Bangladesh /cMohammad Ali Akbar. aMirpur :bA. Kaiser Akbar,c2001. avii, 128 p. ;c25 cm. aIncludes bibliographical references (p. 120-123) and indexes. 0aEconomic conditions.zBangladesh.9138330 2ddccBK c52137d52137 00102ddc40708NFICaRUCLbRUCLcStackd2006-12-11l0o330.95492 AKS 2001r2016-09-06 00:00:00tC-2w2016-09-06yBK